Movies Quiz

Random Movies or Oscar Quiz

Woody Allen Oscar Nominations Quiz Stats

 Plays Quiz not verified by Sporcle

Score 0/16 Timer 03:00
0 Plays Today
Starring: Film % Correct
Woody Allen & Diane KeatonAnnie Hall
98.6%
Michael Caine & Dianne WiestHannah and Her Sisters
95.8%
Owen Wilson & Rachel McAdamsMidnight in Paris
94%
Woody Allen & Mariel HemingwayManhattan
92.1%
John Cusack & Dianne WiestBullets Over Broadway
88.8%
Cate Blanchett & Sally HawkinsBlue Jasmine
87.6%
Scarlett Johansson & Jonathan Rhys MeyersMatch Point
86.5%
Woody Allen & Mira SorvinoMighty Aphrodite
81.4%
Starring: Film % Correct
Mia Farrow & Jeff DanielsThe Purple Rose of Cairo
75.3%
Martin Landau & Claire BloomCrimes and Misdemeanors
73%
Geraldine Page & Maureen StapletonInteriors
68.8%
Woody Allen & Judy DavisHusbands and Wives
67.4%
Woody Allen & Mia FarrowBroadway Danny Rose
59.1%
Mia Farrow & Joe MantegnaAlice
58.6%
Woody Allen & Billy CrystalDeconstructing Harry
54.4%
Mia Farrow & Dianne WiestRadio Days
51.6%

You're not logged in!

Compare scores with friends on all Sporcle quizzes.
OR
Log In

Sporcle TV

Today on Sporcle TV


Watch our educational content, quiz creation guides, and fun videos on Sporcle TV.

Show Comments

Extras

Top Quizzes Today


Score Distribution

Your Account Isn't Verified!

In order to create a playlist on Sporcle, you need to verify the email address you used during registration. Go to your Sporcle Settings to finish the process.

Report this User

Report this user for behavior that violates our Community Guidelines.

Details: